[Event "ITA-ch Lombardia Seniors"]
[Site "Robecchetto"]
[Date "2011.12.29"]
[Round "4"]
[White "Chiara, Emanuele"]
[Black "Pagnoncelli, Gianpietro"]
[Result "1-0"]
[WhiteElo "1584"]
[BlackElo "1523"]
[PlyCount "117"]
[EventDate "2011.12.27"]
[EventType "swiss"]
[EventRounds "6"]
[EventCountry "ITA"]
[SourceTitle "EXT 2024"]
[Source "ChessBase"]
[SourceDate "2023.10.10"]
[SourceVersion "1"]
[SourceVersionDate "2023.10.10"]
[SourceQuality "1"]

1. Nf3 Nc6 2. c4 b6 3. d4 d6 4. Nc3 Nf6 5. e4 e6 6. Bd3 Be7 7. 0-0 0-0 8. a3 a6 9. h3 Bb7 10. b4 Re8 11. Bb2 h6 12. Qc2 Na7 13. a4 c6 14. Rfd1 Qc7 15. Re1 Rad8 16. e5 Nd7 17. Ne4 dxe5 18. dxe5 Bxb4 19. Red1 Nc5 20. Nd6 Re7 21. Bc3 Bxc3 22. Qxc3 Nxd3 23. Rxd3 Red7 24. Rad1 Nc8 25. Qa3 c5 26. Nxb7 Qxb7 27. Qb3 Rxd3 28. Rxd3 Rxd3 29. Qxd3 Qc7 30. g3 Ne7 31. g4 Nc6 32. Qe4 Qd7 33. Kg2 a5 34. g5 hxg5 35. Nxg5 g6 36. Qh4 Kf8 37. Qh8+ Ke7 38. Nh7 Qd8 39. Qf6+ Ke8 40. Qf4 Qe7 41. Qe4 Kd7 42. Nf6+ Kc7 43. Qe3 Nb8 44. Qg5 Kb7 45. Qd2 Kc7 46. Ne4 Nd7 47. f4 f6 48. Qc3 fxe5 49. fxe5 Qg7 50. Nf6 Kd8 51. Qd3 Kc8 52. Qd6 Nxf6 53. Qxe6+ Nd7 54. Qc6+ Kb8 55. Qd6+ Kb7 56. e6 Nf6 57. e7 Qf7 58. Qxf6 Qe8 59. Qf8 1-0